[Event "Rubinstein Memorial 35th"]
[Site "Polanica Zdroj"]
[Date "1998.08.19"]
[Round "3"]
[White "Leko, Peter"]
[Black "Gelfand, Boris"]
[Result "1/2-1/2"]
[WhiteElo "2665"]
[BlackElo "2675"]
[Annotator "Gelfand/Huzman"]
[PlyCount "74"]
[EventDate "1998.08.17"]
[EventType "tourn"]
[EventRounds "11"]
[EventCountry "POL"]
[EventCategory "17"]
[SourceTitle "CBM 067"]
[Source "ChessBase"]
[SourceDate "1998.11.30"]
[SourceVersion "2"]
[SourceVersionDate "1998.11.01"]
[SourceQuality "1"]

1. e4 c5 2. Nf3 Nc6 3. d4 cxd4 4. Nxd4 Nf6 5. Nc3 e5 6. Ndb5 d6 7. Bg5 a6 8.
Na3 b5 9. Nd5 Be7 10. Bxf6 Bxf6 11. c3 O-O 12. Nc2 Bg5 13. a4 bxa4 14. Rxa4 a5
15. Bc4 Rb8 16. b3 Kh8 17. O-O f5 18. exf5 Bxf5 19. Nce3 Bg6 20. Be2 Bf7 21.
Nc4 e4 $1 $146 {Kramnik,V} (21... Nd4 $6 22. cxd4 Bxd5 23. dxe5 Bxc4 24. Bxc4
dxe5 25. Qe2 $6 (25. Qe1 $5 $14) 25... Qc7 26. Rfa1 Be7 $11 {1/2-1/2 Shirov,
Alexei-Kramnik,Vladimir/Amber Rapid Monte Carlo rapid (6) ;EXP 63 1998 (35)})
22. Kh1 (22. f4 exf3 23. Bxf3 Ne5 24. Nxe5 (24. Nxa5 $2 Rb5 $19) 24... dxe5 $15
25. Be4 Bxd5 (25... Rxb3 {Adorian,A} 26. Qxb3 (26. Rxf7 Rxf7 27. Qxb3 Qxd5)
26... Bxd5 27. Rxf8+ Qxf8 28. Qb1) 26. Rxf8+ Qxf8 27. Bxd5 Qc5+ 28. Kh1 Qxc3
$17) (22. Ra3 Bg8 23. f4 exf3 24. Bxf3 Ne5) 22... Bg8 (22... Be6 $5 23. Bg4 Bg8
) 23. Ra3 (23. f4 exf3 (23... Bxd5 24. Qxd5 Bxf4 25. g3 Ne7 26. Qxa5) 24. Rxf3
(24. Bxf3 Ne5 25. Nxe5 dxe5 26. c4 e4) 24... Re8 (24... Rxf3 25. Bxf3 Ne5 26.
Nxe5 dxe5 27. c4 $11) 25. Rd3 Rb5 $36) 23... Ne7 (23... Rf5 24. Nce3 Bxe3 25.
Nxe3 Rc5 26. c4 Qf6 27. Qd2 $11) (23... Rb7 24. f4 exf3 25. Bxf3 Ne5 26. Nxe5
dxe5 27. c4 $11) 24. Nce3 (24. Nxe7 Qxe7 (24... Bxe7 25. Nxa5 Qc7 26. b4 d5 $44
{Leko,P}) 25. Nxa5 (25. Rxa5 d5 26. Ne3 Qc7 27. Rxd5 Bxd5 28. Nxd5 Qe5 $15)
25... d5 26. b4 (26. Ra4 Qc5 (26... Rb6 27. c4 $13) 27. Qd4 Qc7 28. c4 Ra8)
26... Rb6 (26... Qc7) 27. Nb3 Rbf6 28. Qe1 Bf4 $44) 24... Nxd5 (24... Bxe3 $5
25. Nxe3 d5 26. Qd4 (26. f3 Qd6 27. Nc2 Nf5 $36) (26. Nc2 Qc7 $15) 26... Nc6
27. Qc5 Qb6 $15) 25. Nxd5 Rf5 26. c4 (26. Bc4 Qf8 27. Ra2 (27. Qd4 e3 $1) 27...
a4 $1 (27... e3) 28. bxa4 Qc8 $19) 26... Bxd5 27. cxd5 Qb6 (27... Qf6 28. Ra4 (
28. f3 $5 Bf4 $140 29. fxe4 Qh4 30. Rxf4) 28... Rxf2 29. Rxe4 $11) 28. f3 $2 (
28. Ra4 Rxf2 29. Rxe4 Rbf8 30. Qe1 $5 $11 (30. Rxf2 Qxf2 $15)) 28... Qc5 29.
Qa1 Bd2 $2 (29... Bf6 30. Qa2 exf3 (30... Qxd5 31. fxe4 (31. Rd1 Bd4 32. Ra4
exf3 33. Raxd4 fxg2+ 34. Kg1 Rf1+ 35. Bxf1 gxf1=Q+ 36. Kxf1 Qh1+ $19) (31. Bc4
Qc5 32. fxe4 Qxc4) 31... Rxf1+ 32. Bxf1 Qxe4 33. Rxa5 Rf8 (33... Be5 34. Qf2) (
33... Bd4 34. Qe2 Rf8 35. Qd1) 34. Qf2 Be7 (34... d5 35. Ra4) 35. Qe2 Qb1 36.
Kg1 Qxb3 $15 37. Rb5 Qc3 (37... Qa4 38. Rb1 $15) 38. Rd5 Qc1 39. g3 Bg5 40. Rd1
$15) 31. Bxf3 Qxd5 32. Qe2 Qc5 $17) 30. Ra4 $2 (30. fxe4 Rxf1+ 31. Bxf1 Rf8 32.
Ra2 Qe3 $44) 30... e3 $6 (30... exf3 31. Bxf3 Rxb3 $17) 31. Rg4 Rf6 $2 (31...
Re5 $1 32. Bc4 (32. f4 Bc3 $1 $17 (32... Re7 33. f5 Bc3 34. Qd1)) 32... Rbe8
33. Re4 Qb4 $15 (33... h6 $5)) 32. Bc4 Re8 33. Qd1 Qc8 (33... h5 34. Re4 (34.
Rh4 Qxc4 $19)) 34. Qe2 $11 Qf5 35. g3 Rh6 36. Kg2 Rf8 37. h4 Rhf6 1/2-1/2

[Event "Bucharest ENE"]
[Site "Bucharest"]
[Date "1993.??.??"]
[Round "9"]
[White "Timoshenko, Georgy"]
[Black "Rogozenco, Dorian"]
[Result "1-0"]
[WhiteElo "2505"]
[BlackElo "2500"]
[Annotator "Glatman,V"]
[PlyCount "67"]
[EventDate "1993.??.??"]
[EventType "tourn"]
[EventRounds "11"]
[EventCountry "ROU"]
[EventCategory "8"]
[SourceTitle "CBM 040"]
[Source "ChessBase"]
[SourceDate "1994.06.01"]
[SourceVersion "1"]
[SourceVersionDate "1994.06.01"]
[SourceQuality "1"]

1. e4 {Horvath,T} c5 2. Nf3 e6 3. d4 cxd4 4. Nxd4 Nf6 5. Nc3 Nc6 6. Ndb5 d6 7.
Bf4 e5 8. Bg5 a6 9. Na3 b5 10. Bxf6 gxf6 11. Nd5 f5 12. Bd3 Be6 13. Qh5 Rg8 14.
g3 Rg5 (14... Nd4 $5 15. c3 fxe4 16. Bxe4 Bg4 17. Qxh7 Rg7 18. Qh6 Nf3+ 19. Ke2
$1 Ng5+ 20. f3 Nxe4 21. fxg4 Qc8 22. Qe3 Qxg4+ 23. Qf3 Qxf3+ 24. Kxf3 f5 25.
Nc2 Kf7 26. Nce3 Ke6 27. Nxf5 $1 $36 {Beliavsky,A-Shirov,A/Groningen(PCA 4)
1993/1:0 (51)/}) 15. Qxh7 Bxd5 16. exd5 Ne7 17. O-O-O e4 (17... Qb6 $5 {
Horvath,T} 18. Rhf1 e4 19. Be2 Qc5 $15) 18. Be2 Qb6 19. Qh4 $1 $146 (19. Kb1
Qxf2 $6 (19... Rg6 {Horvath,T} 20. Qh4 Qxf2 $13) 20. Nxb5 axb5 21. Bxb5+ Kd8
22. Qxf7 Kc7 23. c3 (23. Be8 $1 Rg8 24. a4 $36) 23... Rg7 24. Qe6 Rd8 25. a4
Rg6 26. Qf7 {Wang,Zili-Chekhov,V/Beijing/1991/1:0 (40)} Qe3 $5 {/\Qh6,Rf6-/+/})
19... Rg6 $1 20. g4 $1 (20. Rhf1 Bg7 {/\Qc5-b4|^/} 21. f4) 20... f4 $6 (20...
Bh6+ $5 21. Kb1 Bg5 (21... f4 $5) 22. Qh8+ (22. Qh5 f4 23. h4 Bf6 $13) 22...
Rg8 23. Qd4 (23. Qh7 {Horvath,T} Qxf2 24. Rhe1 Qh4 $1) 23... Qxd4 24. Rxd4 Bf6
$13) 21. g5 $1 f3 22. Bf1 e3 23. Rd3 $1 (23. fxe3 Qxe3+ 24. Kb1 Qxg5 $13) 23...
e2 24. Bh3 Qa5 $6 (24... Bg7 25. Rxf3 Qd4 26. Qxd4 Bxd4 27. c3 Bc5 28. Re1 Rxg5
29. Rxe2 Kf8 30. Be6 Rg7 $13) 25. b4 $1 Qa4 26. Rxf3 a5 27. Re1 axb4 (27...
Qxb4 28. Qxb4 axb4 29. Nxb5 Rxa2 30. Rxe2 $18) 28. Qf4 f6 29. Nb1 Qxa2 30. Be6
$18 Qc4 31. Qxd6 Rd8 32. Bf7+ Kxf7 33. Qxd8 Rxg5 34. Rxf6+ 1-0

[Event "Vienna op 13th"]
[Site "Vienna"]
[Date "1998.10.28"]
[Round "4"]
[White "Balinov, Ilia"]
[Black "Golod, Vitali"]
[Result "0-1"]
[WhiteElo "2450"]
[BlackElo "2555"]
[Annotator "Golod,V"]
[PlyCount "94"]
[EventDate "1998.10.25"]
[EventType "swiss"]
[EventRounds "9"]
[EventCountry "AUT"]
[SourceTitle "CBM 068"]
[Source "ChessBase"]
[SourceDate "1999.02.01"]
[SourceVersion "1"]
[SourceVersionDate "1999.02.01"]
[SourceQuality "1"]

1. e4 c5 2. Nf3 Nc6 3. d4 cxd4 4. Nxd4 Qb6 5. Nb3 Nf6 6. Nc3 e6 7. Qe2 $5 {
[%cal Gg2g4] /\g4-g5 or Bd2,0-0-0} Bb4 $1 ({Dubious:} 7... Qc7 $6 {because of:}
8. g4 $1 {[%cal Gg4g5]} h6 9. Bd2 a6 10. f4 d6 11. Bg2 b6 12. O-O-O Bb7 13. h4
O-O-O 14. g5 Nd7 15. g6 $36 {1/2-1/2 Ivanov,A-Akopian,V/New York 1994/EXP 40 
(37)}) 8. Bd2 O-O 9. a3 $5 ({Besides,white has two options:} 9. e5 $5) ({and} 
9. O-O-O $5) 9... Be7 (9... Bxc3 $2 10. Bxc3 e5 11. O-O-O Re8 12. g4 d5 13.
exd5 Bxg4 14. f3 $16 {1-0 Sorokin,M-Karasev,V/Blagoveshchensk 1988/TD 88\01 
(26)}) 10. g4 $6 (10. e5 $5 {-is the main line.} Ne8 $5 (10... Nd5 $5 11. Nxd5
exd5 12. O-O-O d6 13. exd6 Bxd6 14. Bc3 (14. Be3 $143 Qc7 15. Kb1 Be6 16. Bc5
Rfd8 17. Bxd6 Rxd6 18. Nd4 Nxd4 19. Rxd4 Bf5 $15 {1/2-1/2 Short,N-Gufeld,E/
Dortmund 1983/MCD-r8 (31)}) 14... Be6 15. Qd2 Qc7 16. g3 Be5 17. Bg2 $5 (17.
Bxe5 $143 Qxe5 18. Bb5 Rac8 19. Rhe1 Qf6 20. Kb1 Bg4 21. Rc1 Rfd8 $11 {1/2-1/2
Cramling,P-Wirthensohn,H/Zuerich 1984/MCD-op (99)}) 17... Rac8 18. Bxe5 Qxe5
19. Nd4 Nxd4 20. Qxd4 $14 {1-0 Klinger,J-Wirthensohn,H/Graz 1984/MCD-ch (40)})
11. O-O-O Qc7 12. f4 a6 13. Ne4 d6 14. exd6 Nxd6 15. g3 b5 16. Bg2 Nxe4 17.
Bxe4 Bb7 18. Bc3 {=/=/+1/2-1/2 Spasov,V-Kurajica,B/Moscow 1994/EXP 44 (18)}) ({
Also possibly:} 10. O-O-O d5 $1 11. exd5 (11. e5 $143 Nd7 12. f4 a6 {/\Qc7,
b5-b4}) 11... exd5 {+/=/=}) 10... d5 $1 11. g5 $6 ({Badly:} 11. e5 {in view of:
} Nd7 {[%csl Re5]} 12. f4 $140 Bh4+ 13. Kd1 Be7 $15) ({Can be recommended:} 11.
exd5 $5 Nxd5 (11... exd5 $2 12. g5 $16 {[%csl Rd5]}) 12. Nxd5 exd5 13. O-O-O
$11) 11... Nxe4 12. Nxe4 dxe4 13. Qxe4 e5 $1 {/\g6,Bf5;><e6} 14. Be3 Qc7 15.
Bd3 $5 ({Badly:} 15. h4 {/\Bd3,h5 because of:} g6 16. h5 Bf5 17. Qh4 Bxc2 $1
18. hxg6 Bxg6 $17) 15... g6 16. O-O-O $5 $146 ({Was checked in the previous
game:} 16. Qg2 Be6 17. h4 Rfd8 18. Nd2 Nd4 19. Bxd4 Rxd4 20. f3 Rad8 $15 {
1/2-1/2 Kalesis,N-Grivas,E/Iraklion 1992/EXT 99 (55)}) 16... Bf5 17. Qh4 $6 (
17. Qg2 $142) 17... Bxd3 18. Rxd3 Rfd8 19. Rc3 $6 ({Better is:} 19. Rhd1 $5
Rxd3 20. Rxd3 Rd8 21. Qe4 $5 (21. Rxd8+ Qxd8 22. Qg4 {=/+/=}) 21... Rxd3 22.
Qxd3 e4 $5 23. Qxe4 (23. Qb5 $2 Qxh2 24. Qxb7 Bxg5 $1 {[%csl Rc1,Rf2][%cal
Gh2g1]} 25. Qxc6 $140 $2 (25. Bxg5 Qg1+ 26. Kd2 Qxg5+ $17) (25. c4 $142 $17)
25... Qg1+ 26. Kd2 Qxf2+ $19) 23... Qxh2 24. f4 Qe2 25. Kb1 $11) 19... Rd5 $1
$15 {[%cal Gc7d7,Ga8d8]} 20. Qg4 {[%csl Rd7][%cal Gg4d7]} Rad8 (20... Qc8 $143
21. Qxc8+ Rxc8 22. Rd1 Rxd1+ 23. Kxd1 {=/=/+}) 21. h4 Qd7 22. Qxd7 R8xd7 23.
Nc5 $2 ({Good enough:} 23. Rc4 $5) 23... Nd4 $1 {[%csl Rc1,Rc3,Rc5][%cal Gd4e2]
} 24. Nxd7 $8 (24. Bxd4 $2 exd4 25. Nxd7 $8 dxc3 26. Nf6+ Bxf6 27. gxf6 cxb2+
28. Kxb2 Rf5 $17) (24. b4 $4 Ne2+ 25. Kb2 Nxc3 26. Nxd7 Nd1+ 27. Kc1 Nxe3 $19)
24... Ne2+ 25. Kb1 Nxc3+ 26. bxc3 Rxd7 27. Bxa7 Bxa3 (27... b6 $2 {this move
is refuted by:} 28. Bb8 (28. Bxb6 $4 Rb7 $19 {[%csl Rb1]}) 28... f6 29. gxf6
Bxf6 30. h5 $11) 28. Re1 $6 ({Strongly:} 28. Bb8 $1 Re7 (28... Bd6 $4 29. Rd1
$18) 29. Re1 e4 30. Ba7 Re6 31. Bd4 Be7 $15 {[%cal Gf7f6]}) 28... Bd6 29. Bb6 (
{Worse is:} 29. Rd1 $6 Kf8 $140 30. Bc5 Ke7 31. Rxd6 $2 Rxd6 32. Kb2 Ke6 33.
Bxd6 Kxd6 34. Kb3 f5 $1 35. gxf6 $8 h5 $1 {[%cal Gg6g5]} 36. Kc4 g5 37. hxg5 (
37. Kd3 gxh4 38. Ke4 Ke6 $19) 37... h4 38. g6 Ke6 39. f7 Ke7 $19) 29... f6 $1
30. gxf6 Kf7 31. Re4 Kxf6 $17 32. Be3 (32. f3 $142) 32... Kf5 33. Ra4 Be7 {
[%csl Rh4] Black's plan is:h5,e4(קh4)} 34. c4 $2 $138 {/\c5,Ra7,c6} Bxh4 35.
c5 Bg5 $5 {[%csl Re3]} 36. Bxg5 Kxg5 37. Ra7 h5 38. Kc1 (38. c6 $4 Rd1+) 38...
Rc7 $5 39. Kd2 $140 Rf7 {[%csl Rf2]} 40. Ke3 ({Loses:} 40. c6 {because of:}
Rxf2+ 41. Ke3 Rxc2 42. cxb7 Rb2 $19) 40... Kf6 {[%cal Gh5h4]} 41. c6 $2 ({
Also badly::} 41. Kf3 Ke6+ {[%cal Ge6d5]} 42. Ke4 Rf4+ 43. Ke3 Rb4 $19) ({
Can be recommended:} 41. f3) 41... bxc6 $19 42. Ra6 Rc7 43. Ke4 h4 $1 {with
the idea:h3,Rh7} 44. f4 h3 $1 45. fxe5+ Ke6 46. Kf3 (46. Ra8 Rh7 47. Ra1 (47.
Re8+ $2 Kd7 48. Ra8 Rh4+ $1 49. Ke3 h2 $19) 47... h2 48. Rh1 g5 $19) 46... Rh7
$1 {[%csl Yh1,Gh3][%cal Gh3h1]} 47. Rxc6+ Kxe5 (47... Kxe5 48. Rc5+ Kd6 {
[%csl Gh3][%cal Gh3h2]}) 0-1

[Event "ISR-chT"]
[Site "Israel"]
[Date "2005.04.01"]
[Round "6"]
[White "Ganor, Dotan"]
[Black "Golod, Vitali"]
[Result "0-1"]
[WhiteElo "2338"]
[BlackElo "2586"]
[Annotator "Golod,V"]
[PlyCount "58"]
[EventDate "2005.01.08"]
[EventType "team"]
[EventRounds "11"]
[EventCountry "ISR"]
[SourceTitle "CBM 106"]
[Source "ChessBase"]
[SourceDate "2005.06.06"]
[SourceVersion "1"]
[SourceVersionDate "2005.06.06"]
[SourceQuality "1"]

1. e4 c5 2. Nf3 Nc6 3. d4 cxd4 4. Nxd4 Qb6 5. Nb3 Nf6 6. Nc3 e6 7. Be3 Qc7 8.
a3 {This move is directed against "Bb4".} (8. Bd3 $5 {It's the main line.You
can see my comments to Shytaj,L-Golod,V/Lido degli Estenci,2003/CBM 96(0-1)(23)
}) 8... a6 {Black in turn prevent "Nb5".} 9. Be2 ({The point is to play this
immediately:} 9. f4 {/\e5 For further information,you can see my annotations
to Blodstein,A-Golod,V/Givatayim,2003/CBM 97(0-1)(31)}) 9... Be7 10. O-O b5 $5
({Before this, I played in this position:} 10... O-O) 11. f4 O-O 12. Bf3 {
With a bit different moves, we got to the same position from my previous move,
where I played: 10...0-0} d6 13. Qe2 Nd7 $5 $146 {[%csl Rc4][%cal Gd7b6,Gb6c4]
I wanted to immediately prevent any game on my opponent's kingside (g4-g5) and
prepare the knight transfer to a weaker spot in White's camp the - "c4" square.
} ({In my aforementioned game was played:} 13... Bb7 $5 {(this continuation
was quite common for this position)} 14. Qf2 Rac8 15. Bb6 Qb8 16. Rad1 Rfe8 17.
g4 Nd7 18. Be3 Nc5 $1 $36 {Desbouefs,M-Golod,V/Zuerich,2004(0-1)(28)}) ({
Also this was explored many times:} 13... Rb8) 14. Kh1 Rb8 {I decided to move
my rook from the /^a8-h1 diagonal, and prepare this maneuver "Nb6-c4". I
really didn't want to play the following variation:} (14... Nb6 15. Bxb6 Qxb6
16. Nd5 exd5 17. exd5 {ץe7,Nc6} Bf6 18. dxc6 Bxb2 $13) 15. Rfe1 {A bit
strange decision,usually this rook isn't supposed to leave the "f" file, but
White does everything in his power to prevent my knight from going to "b6".}
Re8 $5 (15... Nb6 $6 16. Bxb6 Rxb6 17. Nd5 exd5 18. exd5 {ץe7,Nc6} Bf6 19.
dxc6 Bxb2 $13) 16. Rad1 $140 Nb6 {I got my way!} 17. Nd4 ({Hardly it was
better:} 17. Nd2 Na5 {/\Nac4}) 17... Nxd4 18. Rxd4 $2 {This is not a good spot
for the white rook. It was necessary to choose a more active continuation:} (
18. Bxd4 $5 Nc4 $140 19. e5 $132 {and at least all of the white pieces get
actively in the game!}) 18... Nc4 $15 19. Bc1 Nxa3 $1 20. Nd5 {Dotan Ganor
probably wrongly hoped for this move, when he played 18.Rxd4?} exd5 21. bxa3
Bh4 $1 {I forced my opponent to play "g3", so that he would weaken the /^
a8-h1 and his king. In the future, i exploited this weakness effectively.} (
21... dxe4 $6 22. Rxe4 Kf8 23. Bb2 {[%csl Re7][%cal Gb2g7]} Bb7 24. Bxg7+ Kxg7
25. Rxe7 Rxe7 26. Qxe7 Qxe7 27. Rxe7 Bxf3 28. gxf3 Rc8 29. Ra7 $15) 22. g3 $140
Bf6 ({Messy:} 22... dxe4 $2 {lead to the loss of a piece:} 23. Rxe4 Rxe4 24.
Qxe4 {[%csl Rg8,Rh4][%cal Ge4e8,Gg3h4]}) 23. Rxd5 Bb7 $1 {I need that bishop
to for the /^a8-h1, otherwise, I won't be able to exploit the weakness of the
king.} (23... Be6 $143 24. Rdd1 Rbc8 $15) 24. Rd3 Rbc8 25. Qg2 $6 {If White
knew what was waiting for him, he probably would have chosen a different
alternative:} (25. Bd2 $5 Qxc2 26. Rxd6 Rc4 27. e5 Be7 $36 {=/+/-/+}) 25...
Qxc2 26. Rxd6 $4 {Painful blunder leading to immediate loss.} (26. Qxc2 $5 Rxc2
27. Rxd6 h5 $1 {[%csl Re4][%cal Gf6c3]} (27... Bc3 $5 {Ganor,D} 28. Red1 f5 $17
) 28. Bd2 (28. Kg1 $2 Bc3 29. Red1 Bxe4 30. Bxe4 Rxe4 $19 {[%csl Rg1][%cal
Ge4e2]}) 28... Bc3 $17) {[%tqu "En","White's previous move was a deciding
blunder. Can you find why?","","","c2c1","",10,"b7e4","Fritz 8",0]} 26... Qxc1
$1 (26... Bxe4 $2 {Fritz 8} 27. Bxe4 $140 Qxc1 28. Bxh7+ $1 Kf8 (28... Kh8 $6
29. Rf1 Qxa3 30. Rd3 {[%csl Rh8][%cal Gg2h3]}) 29. Rxc1 Rxc1+ 30. Qg1 Rxg1+ 31.
Kxg1 $15) 27. Rxc1 Rxc1+ 28. Rd1 $8 Rxd1+ 29. Bxd1 Rxe4 $1 $19 {Just like
that! By the reaction of my opponent, I realized he didn't see this move, even
until I played it. We won that match with an amazing score of 6:0} ({Posle:} 
29... Rxe4 $1 {[%csl Gb7,Rg2,Rh1][%cal Ge4e1] White loses immediately:} 30. Be2
(30. Kg1 Re1+) 30... Re7 $1 (30... b4 $5 $19) 31. Bf3 $140 Re1+) (29... Bxe4 $4
30. Bf3 Bxf3 31. Qxf3 $11) 0-1

[Event "Novy Bydzov op 1st"]
[Site "Novy Bydzov"]
[Date "2002.07.07"]
[Round "7"]
[White "Kislov, Mikhail"]
[Black "Golod, Vitali"]
[Result "0-1"]
[WhiteElo "2390"]
[BlackElo "2538"]
[Annotator "Golod,V"]
[PlyCount "56"]
[EventDate "2002.07.01"]
[EventType "swiss"]
[EventRounds "9"]
[EventCountry "CZE"]
[SourceTitle "CBM 090"]
[Source "ChessBase"]
[SourceDate "2002.09.20"]
[SourceVersion "1"]
[SourceVersionDate "2002.09.20"]
[SourceQuality "1"]

1. e4 c5 2. Nf3 Nc6 3. d4 cxd4 4. Nxd4 Qb6 5. Nb3 Nf6 6. Nc3 e6 7. Bd3 {
Besides,white has two principales moves:} (7. Qe2 $5 {[%cal Gg2g4] See
comments to Balinov,I-Golod,V/Vienna,1998/CBM 68(0-1)(Golod,V)(47)}) ({and} 7.
Be3 $5) 7... a6 8. Bf4 {[%cal Ge4e5] Novelty,from the point of view of my
games.Before with me played:8.Be3 or 8.0-0} d6 9. Qd2 ({Now it is not so
logical:} 9. O-O Be7 10. Be3 (10. Na4 Qb4 11. Nc3 Qb6 12. Na4 Qc7 $5 (12... Qb4
$11) 13. c4 Ne5 14. Rc1 Bd7 15. Nc3 Rc8 $11 {Brooks,M-Peters,J/Los Angeles,
1998(1/2-1/2) (32)}) 10... Qc7 11. Na4 Nd7 12. f4 b5 13. Nc3 O-O 14. Kh1 Rb8 {
Mela,B-Diaz Nahuel,N/Torre Blanca,1999(1/2-1/2)(38)}) 9... Qc7 10. O-O-O Be7 $5
{I long considered this move.I also studied the following alternative:} (10...
b5 11. Rhe1 $140 b4 (11... Be7 $5 12. Kb1 $13 (12. Bxb5 $6 axb5 13. Nxb5 Qb6
14. Nxd6+ Bxd6 15. Bxd6 Rxa2 16. Kb1 Ra8 17. Qg5 Rg8 {=/+/-/+})) 12. Nd5 $5 (
12. Ne2 Be7 $11) 12... exd5 13. exd5+ Ne5 (13... Ne7 $143 14. Qxb4 $36) 14.
Bxe5 dxe5 15. Rxe5+ Qxe5 (15... Kd8 $2 16. d6 $1 $40 {[%csl Rd8]}) 16. Re1
Qxe1+ 17. Qxe1+ $13 {[%csl Re8]}) 11. Bg3 $146 ({Were checked in the preceding
game:} 11. Be2 $5 e5 $2 (11... Ne5 $142) 12. Bg5 Be6 13. Bxf6 gxf6 14. Nd5 Bxd5
15. exd5 Nb8 16. Qh6 $16 {Yoos,J-Livshits,R/Toronto,1996(1/2-1/2)(47)}) 11...
b5 12. Rhe1 b4 $1 13. Ne2 $140 (13. Na4 $143 Nh5 {[%csl Ra4,Gc8,Rg3][%cal
Gc8d7]}) 13... e5 {[%csl Rd5,Rg3][%cal Gc8e6]} 14. Bh4 $5 {[%csl Rd5] The
contenders conduct struggle for point "d5".} ({Also deserves attention:} 14. f4
O-O 15. fxe5 $6 (15. Kb1 $142) 15... dxe5 $140 16. Nbd4 Nxd4 17. Nxd4 Nh5 $1 {
[%csl Rg3]} (17... Qa5 $2 18. Nc6 {[%csl Ra5,Re7]}) 18. Nf5 Nxg3 $15) 14... O-O
15. Bxf6 {Yes,many moves were made by the white's bishop,before exchange!} Bxf6
16. Bc4 {[%csl Rd5][%cal Gc4d5]} Rd8 ({Is a possible continuation of the play:
} 16... Be7 $5) 17. Kb1 a5 18. Bd5 Rb8 $15 {[%csl Rd5][%cal Gc6e7]} 19. c4 $5 {
For me this move was unexpected.} ({Weakly:} 19. Bxc6 $6 Qxc6 $140 20. Nxa5 {
because of:} Qxe4 21. Qd5 Qh4 $17 {[%csl Rf2,Rh2][%cal Gc8e6]}) 19... Ne7 20.
Qd3 $6 ({Also dubiously:} 20. c5 {in view of:} Kf8 $15 {[%csl Gd5,Yf8,Rg8]
[%cal Yg8f8]}) ({Can be recommended:} 20. Qe3 {/^a7-g1=/+}) 20... Nxd5 21. cxd5
a4 {^^} ({Also good enough:} 21... Qb6 $5) 22. Nd2 Bg5 $5 {/^c1-h6} ({Again
deserves attention:} 22... Qb6 {[%csl Rf2][%cal Gc8a6]} 23. Qg3 (23. Qe3 $6
Qxe3 24. fxe3 Bg5 25. Nc1 Ba6 {[%cal Gd8c8] =/+/-/+}) ({my contender was going
to play:} 23. Nc4 $6 Qxf2 $1 24. Rf1 $140 Qxg2 25. Rxf6 Bg4 $1 $19 {[%csl Rd1,
Re2] This intermediate move,we did not see even in the analysis,after game.} (
25... gxf6 $4 26. Rg1 {[%csl Rg2,Rg8]})) 23... Ba6 $36) 23. g3 $2 {This
mistake allows me to carry out a combination,which gives me the big advantage.}
(23. Nf3 $142 Bh6 {[%cal Gc7b6] =/+/-/+}) 23... b3 $1 $17 {[%csl Rb1]} 24. f4
$2 {It is,already a decisive mistake!} ({The main sense of my idea:} 24. a3
$142 Ba6 $1 {[%csl Rb1]} 25. Qxa6 Qc2+ 26. Ka1 Bxd2 {[%csl Gc2,Gd2]} 27. Rf1
Rbc8 $17 28. Qxa4 $140 $4 Ra8 29. Qb5 Rxa3+ 30. bxa3 Qa2#) 24... bxa2+ $1 25.
Kxa2 exf4 26. gxf4 Bf6 {[%csl Ra2,Gc8,Gf6] I managed to open the centre and
also position of the white king. Now my bishops will decide a game very
quickly.} 27. e5 $2 (27. Rb1 $142 Bd7 {[%cal Gd7b5]}) 27... dxe5 28. Ne4 Bh4
$19 (28... Bh4 29. Rg1 $140 Rxd5 $1 {[%csl Ra2][%cal Gc8e6]}) 0-1